000
00210nam a22000857a 4500
008
161125b xxu||||| |||| 00| 0 eng d
100
_9
1422
_a
Rosenberg.M.
245
_a
Word Problems Grade-3
260
_a
USA
_b
TCR
_c
2011
999
_c
4142
_d
4142